| 000 | 00000nem 2200000zi 4500 |
| 001 | 9.848360 |
| 003 | CaOODSP |
| 005 | 20230131161138 |
| 006 | m o d f |
| 007 | cr mn||||||||| |
| 008 | 171206t20222022oncag cc a fo 0 eng d |
| 020 | |a9780660241371 |
| 034 | 1 |aa|b200000|dW0642700|eW0615600|fN0470600|gN0455600 |
| 040 | |aCaOODSP|beng|erda|cCaOODSP |
| 041 | 0 |aeng|beng|bfre |
| 043 | |an-cn-pi |
| 086 | 1 |aM183-1/345-2022E-PDF |
| 110 | 2 |aGeological Survey of Canada.|ecartographer, |eissuing body. |
| 245 | 10|aSurficial geology, Prince Edward Island, Prince Edward Island, parts of NTS 11-L, E, 21-I, and 21-P. |
| 255 | |aScale 1:200,000 ; |bLambert's conformal conic projection |c(W 64°27'--W 61°56'--N 47°06'--N 45°56'). |
| 264 | 1|a[Ottawa] : |bNatural Resources Canada = Ressources naturelles Canada, |c2022. |
| 264 | 4|c©2022 |
| 300 | |a1 online resource (1 map) : |bcolour + |e1 pamphlet (6 unnumbered pages). |
| 336 | |acartographic image|bcri|2rdacontent |
| 336 | |atext|btxt|2rdacontent |
| 337 | |acomputer|bc|2rdamedia |
| 338 | |aonline resource|bcr|2rdacarrier |
| 490 | 1 |aCanadian geoscience map ; |v345 |
| 500 | |aShows surficial materials and associated landforms left by the retreat of the last glaciers in Prince Edward Island. |
| 500 | |aRelief shown by contours and spot heights. |
| 500 | |aIncludes text, 1 table, index map, and location map. |
| 500 | |a"Cartography by E. Everett." |
| 500 | |a"Standard parallels 49°00'N and 77°00'N, North American Datum 1983." |
| 504 | |aIncludes bibliographical references. |
| 546 | |aIncludes abstracts in English and French. |
| 650 | 0|aGeology|zPrince Edward Island|vMaps. |
| 650 | 6|aGéologie|zÎle-du-Prince-Édouard|vCartes. |
| 655 | 7|aGeological maps|2lcgft |
| 655 | 7|aDigital maps|2lcgft |
| 655 | 7|aCartes géologiques|2rvmgf |
| 655 | 7|aCartes géographiques numériques|2rvmgf |
| 700 | 1 |aEverett, E. |q(Eleanor)|ecartographer. |
| 710 | 1 |aCanada. |bNatural Resources Canada, |eissuing body. |
| 830 | #0|aCanadian geoscience map ;|v345.|w(CaOODSP)9.506260 |
| 856 | 40|qPDF|s9.83 MB|uhttps://publications.gc.ca/collections/collection_2022/rncan-nrcan/m183-1/M183-1-345-2022-eng.pdf|z(map) |
| 856 | 40|qPDF|s449 KB|uhttps://publications.gc.ca/collections/collection_2022/rncan-nrcan/m183-1/M183-1-345-2022-1-eng.pdf|z(map information document) |
| 856 | 4 |qHTML|sN/A|uhttps://doi.org/10.4095/306969|z(complete data set) |